|
|
|
|
| LEADER |
01083nam a2200313 a 4500 |
| 001 |
25470 |
| 003 |
BD-DhAAL |
| 008 |
120627s2004 enka b 000 0 eng d |
| 999 |
|
|
|c 12454
|d 12454
|
| 010 |
|
|
|a 2005277356
|
| 020 |
|
|
|a 0521752175 (pbk.)
|
| 020 |
|
|
|a 9780521752176
|
| 035 |
|
|
|a (OCoLC)ocm48782506
|
| 040 |
|
|
|a UKM
|c UKM
|d OCLCQ
|d DLC
|d BD-DhAAL
|
| 042 |
|
|
|a lcac
|a lccopycat
|
| 082 |
0 |
4 |
|a 428.6
|2 21
|
| 100 |
1 |
|
|a Rose, Gerald.
|9 49104
|
| 245 |
1 |
4 |
|a The gingerbread man /
|c Gerald Rose.
|
| 250 |
|
|
|a Cambridge Storybooks ed.
|
| 260 |
|
|
|a Cambridge, UK ;
|a New York :
|b Cambridge University Press,
|c 2004.
|
| 300 |
|
|
|a 16 p. :
|b col. ill. ;
|c 23 cm.
|
| 440 |
|
0 |
|a Cambridge storybooks
|9 49105
|
| 541 |
1 |
|
|e 00025470
|
| 650 |
|
0 |
|a Readers (Elementary)
|9 49106
|
| 650 |
|
1 |
|a Fairy tales.
|9 49107
|
| 650 |
|
1 |
|a Folklore.
|9 49108
|
| 852 |
1 |
|
|a BRAC Institute of Language (BIL)
|c General Stacks
|
| 942 |
|
|
|2 ddc
|c BK
|
| 952 |
|
|
|0 0
|1 1
|2 ddc
|4 0
|6 428_600000000000000_ROS
|7 0
|9 20595
|a BIL
|b BIL
|c GEN
|d 2012-07-02
|e Karim International
|g 514.75
|l 0
|o 428.6 ROS
|p 3010025470
|r 2012-07-02
|t 1
|w 2012-07-02
|y BK
|